02134cam a2200421 i 450000100090000000300040000900500170001300600190003000700150004900800410006401000170010502000410012202000250016302000240018802000310021204000280024305000110027108200220028210000310030424500940033525000200042926400410044930000140049033600260050433700260053033800360055650001240059250400510071650505320076758800470129965000280134665000180137465000230139265000240141570000280143970000790146777601660154621545627OSt20220106145309.0m |o d | cr||||||||||||180709s2019 flu ob 001 0 eng  a 2019717268 z9781498757966qhardback : alk. paper a9781315119175qebook a9781498758017qepub a9781351632836qmobi/kindle aDLCbengerdacDLCdDLC00aHV807300a363.25223bHAR/I1 aHarris, Howard A.eauthor.10aIntroduction to forensic science and criminalistics /cHoward A. Harris and Henry C. Lee. aSecond edition. 1aBoca Raton, FL :bCRC Press,c[2019] a419 pages atextbtxt2rdacontent acomputerbc2rdamedia aonline resourcebcr2rdacarrier aRevised edition of : Introduction to forensics and criminalistics / R.E. Gaensslen, Howard A. Harris, Henry Lee, c2008. aIncludes bibliographical references and index.0 aPhysical evidence in the legal system -- Crime scene processing and analysis -- Examination and interpretation of patterns for reconstruction -- Examination of physical pattern evidence -- Fingerprints and other personal identification patterns -- Questioned document examination -- Toolmarks and firearms -- Digital evidence and computer forensics -- Blood and physiological fluid evidence: evaluation and initial examination -- Dna analysis and typing -- Arson and explosives -- Drugs and drug analysis -- Materials evidence. aDescription based on print version record. 0aCriminal investigation. 0aCrime scenes. 0aForensic sciences. 0aEvidence, Criminal.1 aLee, Henry C.,eauthor.1 aGaensslen, R. E.q(Robert E.)tIntroduction to forensics & criminalistics.08iPrint version:tIntroduction to forensic science and criminalisticsdBoca Raton, FL : CRC Press, [2019]z9781498757966 (hardback : alk. paper)w(DLC) 2018032539